<?xml version="1.0" encoding="UTF-8"?>
<record
    xmlns:xsi="http://www.w3.org/2001/XMLSchema-instance"
    xsi:schemaLocation="http://www.loc.gov/MARC21/slim http://www.loc.gov/standards/marcxml/schema/MARC21slim.xsd"
    xmlns="http://www.loc.gov/MARC21/slim">

  <leader>     nam a22     7a 4500</leader>
  <datafield tag="999" ind1=" " ind2=" ">
    <subfield code="c">50118</subfield>
    <subfield code="d">50118</subfield>
  </datafield>
  <controlfield tag="003">OSt</controlfield>
  <controlfield tag="005">20200618113405.0</controlfield>
  <controlfield tag="008">200618b        xxu||||| |||| 00| 0 eng d</controlfield>
  <datafield tag="040" ind1=" " ind2=" ">
    <subfield code="c">IIMT UNIVERSITY</subfield>
  </datafield>
  <datafield tag="100" ind1=" " ind2=" ">
    <subfield code="a">DINESH K S</subfield>
  </datafield>
  <datafield tag="245" ind1=" " ind2=" ">
    <subfield code="a">KAUMARABHRTYA-UPDATED(MIS 34)</subfield>
  </datafield>
  <datafield tag="942" ind1=" " ind2=" ">
    <subfield code="2">ddc</subfield>
    <subfield code="c">01</subfield>
  </datafield>
  <datafield tag="952" ind1=" " ind2=" ">
    <subfield code="0">0</subfield>
    <subfield code="1">0</subfield>
    <subfield code="2">ddc</subfield>
    <subfield code="4">0</subfield>
    <subfield code="7">0</subfield>
    <subfield code="a">30</subfield>
    <subfield code="b">30</subfield>
    <subfield code="d">2020-06-18</subfield>
    <subfield code="e">AYURVED SANSKRIT HINDI PUSTAK BHANDAR</subfield>
    <subfield code="f">IIMT AYURV</subfield>
    <subfield code="g">495.00</subfield>
    <subfield code="i">41/06-06-2020</subfield>
    <subfield code="l">0</subfield>
    <subfield code="p">30-B-1551</subfield>
    <subfield code="r">2020-06-18</subfield>
    <subfield code="w">2020-06-18</subfield>
    <subfield code="y">01</subfield>
  </datafield>
  <datafield tag="952" ind1=" " ind2=" ">
    <subfield code="0">0</subfield>
    <subfield code="1">0</subfield>
    <subfield code="2">ddc</subfield>
    <subfield code="4">0</subfield>
    <subfield code="7">0</subfield>
    <subfield code="a">30</subfield>
    <subfield code="b">30</subfield>
    <subfield code="d">2020-06-18</subfield>
    <subfield code="e">AYURVED SANSKRIT HINDI PUSTAK BHANDAR</subfield>
    <subfield code="f">IIMT AYURV</subfield>
    <subfield code="g">495.00</subfield>
    <subfield code="i">41/06-06-2020</subfield>
    <subfield code="l">0</subfield>
    <subfield code="p">30-B-1552</subfield>
    <subfield code="r">2020-06-18</subfield>
    <subfield code="w">2020-06-18</subfield>
    <subfield code="y">01</subfield>
  </datafield>
  <datafield tag="952" ind1=" " ind2=" ">
    <subfield code="0">0</subfield>
    <subfield code="1">0</subfield>
    <subfield code="2">ddc</subfield>
    <subfield code="4">0</subfield>
    <subfield code="7">0</subfield>
    <subfield code="a">30</subfield>
    <subfield code="b">30</subfield>
    <subfield code="d">2020-06-18</subfield>
    <subfield code="e">AYURVED SANSKRIT HINDI PUSTAK BHANDAR</subfield>
    <subfield code="f">IIMT AYURV</subfield>
    <subfield code="g">495.00</subfield>
    <subfield code="i">41/06-06-2020</subfield>
    <subfield code="l">0</subfield>
    <subfield code="p">30-B-1553</subfield>
    <subfield code="r">2020-06-18</subfield>
    <subfield code="w">2020-06-18</subfield>
    <subfield code="y">01</subfield>
  </datafield>
  <datafield tag="952" ind1=" " ind2=" ">
    <subfield code="0">0</subfield>
    <subfield code="1">0</subfield>
    <subfield code="2">ddc</subfield>
    <subfield code="4">0</subfield>
    <subfield code="7">0</subfield>
    <subfield code="a">30</subfield>
    <subfield code="b">30</subfield>
    <subfield code="d">2020-06-18</subfield>
    <subfield code="e">AYURVED SANSKRIT HINDI PUSTAK BHANDAR</subfield>
    <subfield code="f">IIMT AYURV</subfield>
    <subfield code="g">495.00</subfield>
    <subfield code="i">41/06-06-2020</subfield>
    <subfield code="l">0</subfield>
    <subfield code="p">30-B-1554</subfield>
    <subfield code="r">2020-06-18</subfield>
    <subfield code="w">2020-06-18</subfield>
    <subfield code="y">01</subfield>
  </datafield>
  <datafield tag="952" ind1=" " ind2=" ">
    <subfield code="0">0</subfield>
    <subfield code="1">0</subfield>
    <subfield code="2">ddc</subfield>
    <subfield code="4">0</subfield>
    <subfield code="7">0</subfield>
    <subfield code="a">30</subfield>
    <subfield code="b">30</subfield>
    <subfield code="d">2020-06-18</subfield>
    <subfield code="e">AYURVED SANSKRIT HINDI PUSTAK BHANDAR</subfield>
    <subfield code="f">IIMT AYURV</subfield>
    <subfield code="g">495.00</subfield>
    <subfield code="i">41/06-06-2020</subfield>
    <subfield code="l">0</subfield>
    <subfield code="p">30-B-1555</subfield>
    <subfield code="r">2020-06-18</subfield>
    <subfield code="w">2020-06-18</subfield>
    <subfield code="y">01</subfield>
  </datafield>
  <datafield tag="952" ind1=" " ind2=" ">
    <subfield code="0">0</subfield>
    <subfield code="1">0</subfield>
    <subfield code="2">ddc</subfield>
    <subfield code="4">0</subfield>
    <subfield code="7">0</subfield>
    <subfield code="a">30</subfield>
    <subfield code="b">30</subfield>
    <subfield code="d">2020-06-18</subfield>
    <subfield code="e">AYURVED SANSKRIT HINDI PUSTAK BHANDAR</subfield>
    <subfield code="f">IIMT AYURV</subfield>
    <subfield code="g">495.00</subfield>
    <subfield code="i">41/06-06-2020</subfield>
    <subfield code="l">0</subfield>
    <subfield code="p">30-B-1556</subfield>
    <subfield code="r">2020-06-18</subfield>
    <subfield code="w">2020-06-18</subfield>
    <subfield code="y">01</subfield>
  </datafield>
  <datafield tag="952" ind1=" " ind2=" ">
    <subfield code="0">0</subfield>
    <subfield code="1">0</subfield>
    <subfield code="2">ddc</subfield>
    <subfield code="4">0</subfield>
    <subfield code="7">0</subfield>
    <subfield code="a">30</subfield>
    <subfield code="b">30</subfield>
    <subfield code="d">2020-06-18</subfield>
    <subfield code="e">AYURVED SANSKRIT HINDI PUSTAK BHANDAR</subfield>
    <subfield code="f">IIMT AYURV</subfield>
    <subfield code="g">495.00</subfield>
    <subfield code="i">41/06-06-2020</subfield>
    <subfield code="l">0</subfield>
    <subfield code="p">30-B-1557</subfield>
    <subfield code="r">2020-06-18</subfield>
    <subfield code="w">2020-06-18</subfield>
    <subfield code="y">01</subfield>
  </datafield>
  <datafield tag="952" ind1=" " ind2=" ">
    <subfield code="0">0</subfield>
    <subfield code="1">0</subfield>
    <subfield code="2">ddc</subfield>
    <subfield code="4">0</subfield>
    <subfield code="7">0</subfield>
    <subfield code="a">30</subfield>
    <subfield code="b">30</subfield>
    <subfield code="d">2020-06-18</subfield>
    <subfield code="e">AYURVED SANSKRIT HINDI PUSTAK BHANDAR</subfield>
    <subfield code="f">IIMT AYURV</subfield>
    <subfield code="g">495.00</subfield>
    <subfield code="i">41/06-06-2020</subfield>
    <subfield code="l">0</subfield>
    <subfield code="p">30-B-1558</subfield>
    <subfield code="r">2020-06-18</subfield>
    <subfield code="w">2020-06-18</subfield>
    <subfield code="y">01</subfield>
  </datafield>
  <datafield tag="952" ind1=" " ind2=" ">
    <subfield code="0">0</subfield>
    <subfield code="1">0</subfield>
    <subfield code="2">ddc</subfield>
    <subfield code="4">0</subfield>
    <subfield code="7">0</subfield>
    <subfield code="a">30</subfield>
    <subfield code="b">30</subfield>
    <subfield code="d">2020-06-18</subfield>
    <subfield code="e">AYURVED SANSKRIT HINDI PUSTAK BHANDAR</subfield>
    <subfield code="f">IIMT AYURV</subfield>
    <subfield code="g">495.00</subfield>
    <subfield code="i">41/06-06-2020</subfield>
    <subfield code="l">0</subfield>
    <subfield code="p">30-B-1559</subfield>
    <subfield code="r">2020-06-18</subfield>
    <subfield code="w">2020-06-18</subfield>
    <subfield code="y">01</subfield>
  </datafield>
  <datafield tag="952" ind1=" " ind2=" ">
    <subfield code="0">0</subfield>
    <subfield code="1">0</subfield>
    <subfield code="2">ddc</subfield>
    <subfield code="4">0</subfield>
    <subfield code="7">0</subfield>
    <subfield code="a">30</subfield>
    <subfield code="b">30</subfield>
    <subfield code="d">2020-06-18</subfield>
    <subfield code="e">AYURVED SANSKRIT HINDI PUSTAK BHANDAR</subfield>
    <subfield code="f">IIMT AYURV</subfield>
    <subfield code="g">495.00</subfield>
    <subfield code="i">41/06-06-2020</subfield>
    <subfield code="l">0</subfield>
    <subfield code="p">30-B-1560</subfield>
    <subfield code="r">2020-06-18</subfield>
    <subfield code="w">2020-06-18</subfield>
    <subfield code="y">01</subfield>
  </datafield>
</record>
